000 00553nam a2200229Ia 4500
003 OSt
005 20220923230747.0
006 a|||||r|||| 00| 0
007 ta
008 Pun
024 _a305,346
037 _cTextual
040 _aARTS
_cARTS
_bPun
041 _2Pun
_aPun
082 _aQ8441:33, 153N3
100 _aਬਘੇਲ ਸਿੰਘ
245 0 _aਅਕਾਲ ਪੁਰਖੁ
260 _c1993
650 _aਧਰਮ
942 _hQ8441:33, 153N3
_cTEXL
_2CC
999 _c387148
_d387148